000 00272nam a22001097a 4500
008 170105b xxu||||| |||| 00| 0 eng d
020 _a9780721644363
041 _aeng
080 _a618.2
245 _aUNDERSTANDING NURSING RESEARCH
_cBURNS, N & GROVE, S.K
942 _2udc
_cBK
999 _c2586
_d2586